LCS Spring 2024 Rosters - Statistics

General Stats
  • This quiz has been taken 117 times
  • The average score is 27 of 40
Answer Stats
Hint Answer % Correct
Jungle Blaber
92%
Top Fudge
92%
ADC Berserker
90%
Support CoreJJ
89%
Mid Jensen
89%
Mid Jojopyun
89%
Support Vulcan
89%
ADC FBI
86%
Top Impact
84%
Top Sniper
84%
Mid APA
83%
Mid Palafox
83%
Jungle Contractz
81%
Support Huhi
81%
Top Dhokla
79%
Jungle Inspired
79%
Top Bwipo
78%
Jungle River
78%
ADC Yeon
78%
Support Busio
73%
Jungle UmTi
66%
Mid Quid
64%
Support Eyla
63%
ADC Tactical
62%
Mid Insanity
58%
ADC Massu
58%
Top Rich
58%
Support Zeyzal
56%
ADC Meech
51%
Top Fakegod
50%
ADC Tomo
50%
Jungle Armao
48%
Jungle Bugi
47%
Top Castle
43%
ADC Bvoy
39%
Mid Dove
38%
Jungle eXyu
38%
Mid Mask
34%
Support Olleh
32%
Support Isles
26%
No matching quizzes found
Score Distribution
Percent of People with Each Score
Percentile by Number Answered
Your Score History
You have not taken this quiz